000 00317 a2200109 4500
001 ART_12850
005 20260410161733.0
008 260409a
245 1 0 _aSegun pasaron los años...
100 1 _aBrodersohn, Mario S.
773 0 _tEjecutivos de finanzas
_g- Año 7, Nº 54 (abr. 1989)
_wREV2863
999 _c18079
_d18079